[Event "Melbourne Australasian IM"]
[Site "Melbourne"]
[Date "2018.12.19"]
[Round "5"]
[White "Dragicevic, Domagoj"]
[Black "Khamatgaleev, Alexej"]
[Result "1/2-1/2"]
[WhiteElo "2193"]
[BlackElo "2382"]
[PlyCount "101"]
[EventDate "2018.12.15"]
[EventType "tourn"]
[EventRounds "9"]
[EventCountry "AUS"]
[EventCategory "1"]
[SourceTitle "CBM 187 Extra"]
[Source "ChessBase"]
[SourceDate "2018.11.04"]
[SourceVersion "1"]
[SourceVersionDate "2018.11.04"]
[SourceQuality "1"]

1. e4 e5 2. Nf3 Nc6 3. Bb5 a6 4. Ba4 d6 5. 0-0 Bg4 6. h3 Bh5 7. c3 Nf6 8. d4 Nd7 9. Be3 Be7 10. Nbd2 b5 11. Bc2 exd4 12. cxd4 Nb4 13. Bb1 c5 14. Qb3 0-0 15. a3 Nc6 16. Qd5 Bxf3 17. Nxf3 Rc8 18. dxc5 dxc5 19. Qf5 g6 20. Qf4 Nf6 21. Ba2 c4 22. Rad1 Qc7 23. Bb1 Qxf4 24. Bxf4 Rfd8 25. Be3 Rxd1 26. Rxd1 Rd8 27. Rxd8+ Bxd8 28. Kf1 Nd7 29. Nd4 Nxd4 30. Bxd4 f6 31. Ke2 Kf7 32. Ba2 Ke7 33. b3 cxb3 34. Bxb3 Bb6 35. Ke3 g5 36. Bxb6 Nxb6 37. Kd4 Kd6 38. g3 Nd7 39. f4 gxf4 40. gxf4 h6 41. Bd1 a5 42. Bg4 Nf8 43. Bf5 Kc6 44. h4 Kd6 45. h5 Kc6 46. e5 fxe5+ 47. fxe5 b4 48. axb4 axb4 49. Kc4 b3 50. Kxb3 Kd5 51. e6 1/2-1/2

[Event "Melbourne Australasian IM"]
[Site "Melbourne"]
[Date "2018.12.16"]
[Round "2"]
[White "Chan, Luis"]
[Black "Dragicevic, Domagoj"]
[Result "0-1"]
[WhiteElo "2261"]
[BlackElo "2193"]
[PlyCount "114"]
[EventDate "2018.12.15"]
[EventType "tourn"]
[EventRounds "9"]
[EventCountry "AUS"]
[EventCategory "1"]
[SourceTitle "CBM 187 Extra"]
[Source "ChessBase"]
[SourceDate "2018.11.04"]
[SourceVersion "1"]
[SourceVersionDate "2018.11.04"]
[SourceQuality "1"]

1. d4 Nf6 2. c4 g6 3. Nc3 d5 4. cxd5 Nxd5 5. e4 Nxc3 6. bxc3 Bg7 7. Qa4+ Nd7 8. Nf3 0-0 9. Be2 c5 10. 0-0 Nb6 11. Qa3 cxd4 12. cxd4 Bg4 13. Rd1 Bxf3 14. gxf3 e6 15. Be3 Qh4 16. Qb3 Bh6 17. a4 Rac8 18. a5 Nd7 19. e5 Rc7 20. Rac1 Rfc8 21. Rxc7 Rxc7 22. Rb1 b6 23. a6 Kg7 24. Bb5 Nf8 25. Rd1 Bxe3 26. fxe3 Qg5+ 27. Kh1 Qf5 28. e4 Qf4 29. Be2 g5 30. Qb2 Ng6 31. Qd2 Qxd2 32. Rxd2 Nf4 33. Bd1 Rc3 34. Kg1 Ra3 35. d5 Rd3 36. Rxd3 Nxd3 37. Be2 Nxe5 38. Kf2 Kf8 39. d6 f6 40. Ke3 Nf7 41. Bc4 Nxd6 42. Bxe6 Ke7 43. Bg8 h6 44. Kd4 Nb5+ 45. Kd5 Nc7+ 46. Kc6 Nxa6 47. Kb7 Nc5+ 48. Kxa7 Nd7 49. Ka6 Kd6 50. Kb5 Ne5 51. Kxb6 Nxf3 52. Kb5 Nxh2 53. Kc4 Ke5 54. Kd3 Kf4 55. Bh7 Nf3 56. Ke2 g4 57. Kf2 Ng5 0-1

[Event "Melbourne Australasian IM"]
[Site "Melbourne"]
[Date "2017.12.15"]
[Round "7"]
[White "Dragicevic, Domagoj"]
[Black "Ang, Alphaeus Wei Ern"]
[Result "1/2-1/2"]
[WhiteElo "2161"]
[BlackElo "2220"]
[PlyCount "75"]
[EventDate "2017.12.09"]
[EventType "tourn"]
[EventRounds "9"]
[EventCountry "AUS"]
[EventCategory "1"]
[SourceTitle "CBM 182 Extra"]
[Source "ChessBase"]
[SourceDate "2018.02.23"]
[SourceVersion "1"]
[SourceVersionDate "2018.02.23"]
[SourceQuality "1"]

1. e4 d5 2. exd5 Qxd5 3. Nc3 Qd6 4. d4 Nf6 5. Nf3 a6 6. Bc4 e6 7. a4 Be7 8. 0-0 0-0 9. Re1 Nc6 10. b3 b6 11. d5 exd5 12. Nxd5 Nxd5 13. Qxd5 Bb7 14. Qh5 Qg6 15. Qxg6 hxg6 16. Bf4 Bf6 17. Rad1 Na5 18. Bf1 Rfc8 19. Ne5 Nc6 20. Bc4 Nxe5 21. Bxe5 Bxe5 22. Rxe5 Re8 23. f4 Bc6 24. Rxe8+ Bxe8 25. Bd5 Rb8 26. Bf3 Kf8 27. Kf2 Ke7 28. Ke3 Rd8 29. Rxd8 Kxd8 30. Kd4 Ke7 31. Be2 a5 32. Bc4 Kd6 33. h4 c5+ 34. Ke3 f6 35. g3 Bd7 36. Bd3 Be8 37. Bc4 Bd7 38. Bd3 1/2-1/2

[Event "AUS-ch"]
[Site "Melbourne"]
[Date "2016.01.11"]
[Round "10"]
[White "Johansen, Darryl Keith"]
[Black "Dragicevic, Domagoj"]
[Result "1-0"]
[WhiteElo "2404"]
[BlackElo "2197"]
[PlyCount "61"]
[EventDate "2016.01.02"]
[EventType "swiss"]
[EventRounds "11"]
[EventCountry "AUS"]
[SourceTitle "CBM 170 Extra"]
[Source "ChessBase"]
[SourceDate "2016.02.25"]
[SourceVersion "1"]
[SourceVersionDate "2016.02.25"]
[SourceQuality "1"]

1. c4 b6 2. Nc3 Bb7 3. d4 e6 4. a3 f5 5. d5 Nf6 6. g3 b5 7. Nxb5 exd5 8. Bg2 c6 9. Nd4 dxc4 10. Qa4 d5 11. Ngf3 Qc8 12. b3 c3 13. Bh3 g6 14. b4 Bg7 15. Ng5 Ne4 16. Nxe4 dxe4 17. Be3 Nd7 18. Qb3 Nb6 19. Ne6 Bf6 20. Bd4 Bxd4 21. Nxd4 Nd5 22. 0-0 0-0 23. Rfc1 Rf7 24. e3 Ba6 25. b5 Bxb5 26. Nxb5 Rb8 27. a4 Qd8 28. Bf1 a6 29. Bc4 axb5 30. axb5 Qf6 31. Ra6 1-0

[Event "AUS-ch"]
[Site "Melbourne"]
[Date "2016.01.06"]
[Round "6"]
[White "McClymont, Brodie"]
[Black "Dragicevic, Domagoj"]
[Result "1-0"]
[WhiteElo "2347"]
[BlackElo "2197"]
[PlyCount "129"]
[EventDate "2016.01.02"]
[EventType "swiss"]
[EventRounds "11"]
[EventCountry "AUS"]
[SourceTitle "CBM 170 Extra"]
[Source "ChessBase"]
[SourceDate "2016.02.25"]
[SourceVersion "1"]
[SourceVersionDate "2016.02.25"]
[SourceQuality "1"]

1. e4 e5 2. Nf3 Nc6 3. Bb5 Nf6 4. 0-0 Nxe4 5. d4 Be7 6. dxe5 0-0 7. Qd5 Nc5 8. Be3 Ne6 9. Nc3 a6 10. Be2 d6 11. Rad1 dxe5 12. Nxe5 Nxe5 13. Qxe5 Bd6 14. Qh5 f5 15. Bc4 Kh8 16. Bxe6 Bxe6 17. Bf4 Qd7 18. Qf3 Bc4 19. Bxd6 cxd6 20. Rfe1 Qc7 21. Qf4 Rad8 22. Re3 b5 23. a3 Rd7 24. h4 h6 25. Rd4 Qc5 26. a4 Bg8 27. Rd2 bxa4 28. Nxa4 Qc6 29. Nc3 Qb6 30. b3 Qa5 31. Qa4 Qd8 32. Ne2 Re7 33. Nf4 Bf7 34. Qd4 Rxe3 35. fxe3 Re8 36. g3 Re4 37. Qxd6 Qxd6 38. Rxd6 Rxe3 39. Kf2 Rc3 40. Rd2 g6 41. Ne2 Rc5 42. Rd7 Kg7 43. Nd4 Kf6 44. c4 a5 45. Ra7 Be8 46. h5 gxh5 47. Nb5 Kg5 48. Rxa5 h4 49. gxh4+ Kxh4 50. Ke3 Kg3 51. Kd4 Rc8 52. Nd6 Rd8 53. Rd5 Kg4 54. Ke5 Rb8 55. Rd4+ Kg5 56. b4 h5 57. b5 h4 58. Rd1 Bh5 59. Rg1+ Bg4 60. c5 h3 61. c6 f4 62. c7 h2 63. Rxg4+ Kxg4 64. cxb8Q h1Q 65. Qg8+ 1-0

[Event "Melbourne Canterbury op"]
[Site "Melbourne"]
[Date "2014.12.28"]
[Round "4"]
[White "Dragicevic, Domagoj"]
[Black "Puccini, Jack"]
[Result "1/2-1/2"]
[WhiteElo "2183"]
[BlackElo "2188"]
[PlyCount "74"]
[EventDate "2014.12.27"]
[EventType "swiss"]
[EventRounds "7"]
[EventCountry "AUS"]
[SourceTitle "CBM 164 Extra"]
[Source "ChessBase"]
[SourceDate "2015.03.02"]
[SourceVersion "1"]
[SourceVersionDate "2015.03.02"]
[SourceQuality "1"]

1. d4 Nf6 2. Nd2 g6 3. e4 d6 4. Ngf3 Bg7 5. Bd3 0-0 6. 0-0 Nbd7 7. Nc4 c6 8. e5 dxe5 9. dxe5 Ng4 10. e6 fxe6 11. Qe2 Nc5 12. Rd1 Qc7 13. h3 Nf6 14. Nce5 Nfd7 15. Ng4 Nxd3 16. Rxd3 e5 17. Nh6+ Kh8 18. Ng5 Nc5 19. Rd8 Be6 20. Ngf7+ Bxf7 21. Nxf7+ Kg8 22. Rxa8 Rxa8 23. Qc4 e6 24. Ng5 Qe7 25. Be3 h6 26. Qxc5 Qxc5 27. Bxc5 hxg5 28. Rd1 Bf6 29. Kf1 b6 30. Be3 Rd8 31. Rxd8+ Bxd8 32. Ke2 Bf6 33. c3 e4 34. Bd2 Kf7 35. g4 e5 36. Ke3 Ke6 37. Kxe4 c5 1/2-1/2

[Event "Victoria-ch"]
[Site "Melbourne"]
[Date "2014.05.10"]
[Round "2"]
[White "Puccini, Jack"]
[Black "Dragicevic, Domagoj"]
[Result "1/2-1/2"]
[WhiteElo "2101"]
[BlackElo "2235"]
[PlyCount "35"]
[EventDate "2014.05.06"]
[EventType "tourn"]
[EventRounds "11"]
[EventCountry "AUS"]
[SourceTitle "EXT 2015"]
[Source "ChessBase"]
[SourceDate "2014.11.20"]
[SourceVersion "1"]
[SourceVersionDate "2014.11.20"]
[SourceQuality "1"]

1. e4 c5 2. Nf3 Nf6 3. Nc3 d5 4. exd5 Nxd5 5. Bb5+ Bd7 6. Ne5 Nf6 7. Qf3 Qc7 8. Nxd7 Nbxd7 9. d3 0-0-0 10. Bf4 Qa5 11. 0-0 e6 12. Rfe1 Nb6 13. Be5 Be7 14. Bc6 Qa6 15. Bb5 Qa5 16. Bc6 Qa6 17. Bb5 Qa5 18. Bc6 1/2-1/2

[Event "Begonia op 48th"]
[Site "Ballarat"]
[Date "2014.03.08"]
[Round "1"]
[White "Lin, Gary"]
[Black "Dragicevic, Domagoj"]
[Result "0-1"]
[WhiteElo "1501"]
[BlackElo "2246"]
[PlyCount "52"]
[EventDate "2014.03.08"]
[EventType "swiss"]
[EventRounds "7"]
[EventCountry "AUS"]
[SourceTitle "CBM 159 Extra"]
[Source "ChessBase"]
[SourceDate "2014.04.24"]
[SourceVersion "1"]
[SourceVersionDate "2014.04.24"]
[SourceQuality "1"]

1. e4 e5 2. Nf3 Nc6 3. Bb5 Nf6 4. d3 Bc5 5. 0-0 Nd4 6. Nxd4 Bxd4 7. c3 Bb6 8. Bg5 c6 9. Bc4 d6 10. h3 h6 11. Bh4 g5 12. Bg3 h5 13. h4 Ng4 14. hxg5 Qxg5 15. Nd2 h4 16. Bh2 Rg8 17. Qf3 Be6 18. Rad1 0-0-0 19. Bxe6+ fxe6 20. Qh3 Nxh2 21. Kxh2 Qf4+ 22. Kg1 Kc7 23. Nc4 Rg3 24. Qh2 h3 25. Ne3 Bxe3 26. fxe3 Qxe3+ 0-1

[Event "AUS-ch"]
[Site "Melbourne"]
[Date "2014.01.05"]
[Round "6"]
[White "Puccini, Jack"]
[Black "Dragicevic, Domagoj"]
[Result "0-1"]
[WhiteElo "2078"]
[BlackElo "2199"]
[PlyCount "106"]
[EventDate "2014.01.02"]
[EventType "swiss"]
[EventRounds "11"]
[EventCountry "AUS"]
[SourceTitle "CBM 158 Extra"]
[Source "ChessBase"]
[SourceDate "2014.02.28"]
[SourceVersion "1"]
[SourceVersionDate "2014.02.28"]
[SourceQuality "1"]

1. e4 e5 2. Nc3 Nf6 3. Bc4 Nxe4 4. Qh5 Nd6 5. Bb3 g6 6. Qxe5+ Qe7 7. d4 Nc6 8. Qxe7+ Bxe7 9. Nge2 Nf5 10. Nd5 Bd8 11. Bf4 d6 12. 0-0-0 0-0 13. c3 Be6 14. Ne3 Bxb3 15. axb3 Nxe3 16. Bxe3 Ne7 17. Rhe1 Nf5 18. Bf4 Nh4 19. Bh6 Nxg2 20. Bxf8 Nxe1 21. Bxd6 Nf3 22. Bf4 Bg5 23. Bxg5 Nxg5 24. Nf4 Kf8 25. Kc2 Re8 26. Kd3 Re4 27. Nd5 c6 28. Ne3 Rh4 29. Ra1 a6 30. Nc4 Rxh2 31. Ke3 Rh3+ 32. Ke2 Ne4 33. Na5 Nd6 34. Nc4 Nxc4 35. bxc4 Ke7 36. Ra5 Rh1 37. Re5+ Kd7 38. Kd3 Rf1 39. Re2 h5 40. Ke3 h4 41. Kf4 Rg1 42. f3 f6 43. Rh2 Re1 44. Rd2 Kd6 45. Kg4 g5 46. Kf5 Ke7 47. Rf2 Kf7 48. f4 Rg1 49. fxg5 fxg5 50. d5 Ke7 51. Ke5 g4 52. d6+ Ke8 53. Ke6 Re1+ 0-1

[Event "AUS-ch"]
[Site "Melbourne"]
[Date "2014.01.02"]
[Round "1"]
[White "Dragicevic, Domagoj"]
[Black "Tu, Hoang Thong"]
[Result "1/2-1/2"]
[WhiteElo "2199"]
[BlackElo "2428"]
[PlyCount "65"]
[EventDate "2014.01.02"]
[EventType "swiss"]
[EventRounds "11"]
[EventCountry "AUS"]
[SourceTitle "CBM 158 Extra"]
[Source "ChessBase"]
[SourceDate "2014.02.28"]
[SourceVersion "1"]
[SourceVersionDate "2014.02.28"]
[SourceQuality "1"]

1. e4 e5 2. Nf3 Nc6 3. Bb5 Nge7 4. Nc3 Ng6 5. d4 exd4 6. Nxd4 Bc5 7. Nf5 0-0 8. 0-0 d6 9. Na4 Bb6 10. Nxb6 axb6 11. Qf3 Nh4 12. Nxh4 Qxh4 13. Bxc6 bxc6 14. Qf4 Qxf4 15. Bxf4 f5 16. e5 Ra4 17. g3 d5 18. e6 Ra7 19. Rfe1 Re8 20. e7 Kf7 21. a4 Rxe7 22. Rxe7+ Kxe7 23. b4 g6 24. Bd2 Be6 25. a5 Kd7 26. Kg2 bxa5 27. Be3 Ra8 28. bxa5 Kd6 29. Bf4+ Kd7 30. Be3 Kd6 31. Bf4+ Kd7 32. Be3 Kd6 33. Bf4+ 1/2-1/2

[Event "Victoria-ch"]
[Site "Melbourne"]
[Date "2013.05.23"]
[Round "3"]
[White "Zelesco, Karl"]
[Black "Dragicevic, Domagoj"]
[Result "1/2-1/2"]
[WhiteElo "2130"]
[BlackElo "2206"]
[PlyCount "131"]
[EventDate "2013.05.14"]
[EventType "tourn"]
[EventRounds "11"]
[EventCountry "AUS"]
[SourceTitle "EXT 2014"]
[Source "ChessBase"]
[SourceDate "2013.11.20"]
[SourceVersion "1"]
[SourceVersionDate "2013.11.20"]
[SourceQuality "1"]

1. d4 Nf6 2. c4 g6 3. Nc3 d5 4. Nf3 Bg7 5. Qb3 dxc4 6. Qxc4 0-0 7. e4 Nc6 8. Be2 e5 9. d5 Nd4 10. Nxd4 exd4 11. Qxd4 Re8 12. Qd3 Nd7 13. 0-0 Nc5 14. Qc4 b6 15. f3 Ba6 16. Nb5 Be5 17. g3 Qd7 18. Rd1 h5 19. Rb1 h4 20. Kg2 Bc8 21. g4 a6 22. Nc3 Qd6 23. Rf1 b5 24. Qb4 Bd7 25. Be3 Nxe4 26. Qxe4 Bxc3 27. Qd3 Bg7 28. Bf2 Qf6 29. Rfc1 Rad8 30. Rxc7 Qe5 31. Rc2 Be6 32. Bxh4 Rxd5 33. Qe4 Qxe4 34. fxe4 Rd4 35. Bf3 Bxa2 36. Ra1 Bb3 37. Re2 Bc4 38. Rc2 Rd6 39. Bg3 Be5 40. Bxe5 Rxe5 41. Kf2 g5 42. h4 gxh4 43. Rh1 Kf8 44. Rxh4 Ke7 45. Rh5 Ree6 46. Rf5 Rd7 47. g5 Red6 48. Ke3 Rd3+ 49. Kf4 Rd2 50. Rxd2 Rxd2 51. b4 Rb2 52. Rf6 Be6 53. Ke5 Bd7 54. Bh5 Be8 55. Rxa6 Rxb4 56. Ra7+ Kf8 57. Bg4 Ra4 58. Rb7 Rxe4+ 59. Kxe4 Bc6+ 60. Kd4 Bxb7 61. Kc5 Be4 62. Kxb5 Kg7 63. Bh5 Bf3 64. Bxf3 Kg6 65. Bd5 Kxg5 66. Bxf7 1/2-1/2

[Event "Doeberl Cup Premier 51st"]
[Site "Canberra"]
[Date "2013.03.31"]
[Round "7"]
[White "Illingworth, Max"]
[Black "Dragicevic, Domagoj"]
[Result "1-0"]
[WhiteElo "2423"]
[BlackElo "2204"]
[PlyCount "107"]
[EventDate "2013.03.28"]
[EventType "swiss"]
[EventRounds "9"]
[EventCountry "AUS"]
[SourceTitle "EXT 2023"]
[Source "ChessBase"]
[SourceDate "2022.10.05"]
[SourceVersion "1"]
[SourceVersionDate "2022.10.05"]
[SourceQuality "1"]

1. e4 e5 2. Nf3 Nc6 3. Bb5 Nf6 4. Qe2 a6 5. Bxc6 dxc6 6. b3 Bd6 7. Bb2 Qe7 8. d3 Nd7 9. Nbd2 Nf8 10. Nc4 Ng6 11. Nfd2 Nf4 12. Qf3 h5 13. Ne3 g6 14. d4 exd4 15. Bxd4 Be5 16. Bxe5 Qxe5 17. Rd1 Bd7 18. Nec4 Qg5 19. g3 Ne6 20. e5 Nc5 21. Qc3 0-0-0 22. Ne3 Qe7 23. f4 h4 24. g4 Rhe8 25. Nf3 Ne6 26. f5 Ng5 27. Nxg5 Qxg5 28. e6 fxe6 29. fxg6 Rf8 30. Rf1 Rxf1+ 31. Kxf1 Qxg6 32. Qe5 c5 33. Qxc5 Qe4 34. Kg1 Bc6 35. Rxd8+ Kxd8 36. Qf8+ Kd7 37. Kf2 Qd4 38. Ke2 Bb5+ 39. c4 Qb2+ 40. Kd3 Bc6 41. Qf7+ Kd8 42. Qxe6 Qxh2 43. Qf6+ Ke8 44. Nf5 Qh3+ 45. Kd2 Qg2+ 46. Kc3 Qf3+ 47. Kb4 Qe4 48. Qxh4 Qe5 49. Qg3 a5+ 50. Ka3 Qc5+ 51. Kb2 a4 52. Qxc7 Qf2+ 53. Ka3 Qe1 54. Nd6+ 1-0